Quan hệ Việt Nam - Hoa Kỳ 1994 -2010

Sách mô tả những diễn biến quan hệ thăng trầm của Việt Nam và Hoa Kỳ trong bối cảnh trước bình thường hóa quan song phương toàn diện 2000, Việt Nam trong chính sách an ninh mới của Mỹ và tương quan quan hệ Mỹ với châu Á, định vị Việt Nam trong...

وصف كامل

محفوظ في:
التفاصيل البيبلوغرافية
المؤلف الرئيسي: Bùi, Thị Phương Lan
التنسيق: كتاب
اللغة:Undetermined
منشور في: Hà Nội Khoa học Xã hội 2011
الموضوعات:
الوسوم: إضافة وسم
لا توجد وسوم, كن أول من يضع وسما على هذه التسجيلة!
Thư viện lưu trữ: Trung tâm Học liệu Trường Đại học Cần Thơ
LEADER 01148nam a2200217Ia 4500
001 CTU_187498
008 210402s9999 xx 000 0 und d
020 |c 55000 
082 |a 327.597073 
082 |b L105 
100 |a Bùi, Thị Phương Lan 
245 0 |a Quan hệ Việt Nam - Hoa Kỳ 1994 -2010 
245 0 |c Bùi Thị Phương Lan 
260 |a Hà Nội 
260 |b Khoa học Xã hội 
260 |c 2011 
520 |a Sách mô tả những diễn biến quan hệ thăng trầm của Việt Nam và Hoa Kỳ trong bối cảnh trước bình thường hóa quan song phương toàn diện 2000, Việt Nam trong chính sách an ninh mới của Mỹ và tương quan quan hệ Mỹ với châu Á, định vị Việt Nam trong chính sách đối ngoại Mỹ sau khủng hoảng kinh tế. 
650 |a International relations,International relations,Quan hệ quốc tế,Quan hệ quốc tế 
650 |z Việt Nam,United Stated,Việt Nam,Hoa Kỳ 
904 |i Trúc 
980 |a Trung tâm Học liệu Trường Đại học Cần Thơ